| 000 | 00599nam a22001697a 4500 | ||
|---|---|---|---|
| 003 | 0 | ||
| 005 | 20160609165841.0 | ||
| 008 | 101001t xxu||||| |||| 00| 0 eng d | ||
| 040 | _cBIBLIOTHEQUE EPAC | ||
| 100 |
_aDossa ,Adjovi fleur Eunie _99262 |
||
| 130 |
_lfr _99263 |
||
| 245 | _aContribution à l'amélioration de la qualité des inventaires des gaz à effet de serre au Bénin :Secteur de l'agriculture | ||
| 260 |
_aEPAC -UAC _bEPAC-UAC _c2006-2007 |
||
| 300 | _a81P. | ||
| 650 |
_aGAZ A EFFET DE SERRE ;CHANGEMENT CLIMATIQUE;PRODUCTION AGRICOLE; FACTEURS D'EMISSION _99264 |
||
| 942 | _cLIVR | ||
| 999 |
_c47804 _d47804 |
||